000 00740nam a2200229Ia 4500
003 OSt
005 20220923225414.0
006 a|||||r|||| 00| 0
007 ta
008 220922b |||||||| |||| 00| 0 hin d
024 _a266,520
037 _cTextual
040 _aARTS
_cARTS
_bhin
041 _2hin
_ahin
082 _aR66x2,1,3:g, 152N4
100 _aशर्मा, प्रीति
_9156318
245 0 _aअभिप्राय प्रकाशिका
246 _aAbpunrāya prakāshikā
260 _aदिल्ली
_b ईस्टर्न बुक लिंकर्स
_c1994
942 _hR66x2,1,3:g, 152N4
_cTEXL
_2CC
999 _c378040
_d378040